Mémoires de littérature, tirés des registres de l´Academie Royale des Inscriptions et Belles-Lettres, depuis l'année MDCCLXXIII, jusques & compris l'année MDCCLXXV, & une partie de MDCCLXXVI (Record no. 151364)

MARC details
000 -LEADER
campo de control de longitud fija 01207nam a2200229 i 4500
001 - NÚMERO DE CONTROL
campo de control 151364
003 - IDENTIFICADOR DE NÚMERO DE CONTROL
campo de control ES-MaACL
005 - FECHA Y HORA DE LA ÚLTIMA TRANSACCIÓN
campo de control 20230906204000.0
008 - DATOS DE LONGITUD FIJA--INFORMACIÓN GENERAL
campo de control de longitud fija 990709s1780 fr bdf |||| | fre d
040 ## - FUENTE DE CATALOGACIÓN
Centro catalogador/agencia de origen CCPB | B
Lengua de catalogación spa
Centro/agencia transcriptor CCPB | B
110 2# - ENTRADA PRINCIPAL--NOMBRE DE ENTIDAD CORPORATIVA
Nombre de entidad corporativa o nombre de jurisdicción como elemento de entrada Académie des inscriptions et belles-lettres (Francia)
9 (RLIN) 1230
245 10 - MENCIÓN DEL TÍTULO
Título Mémoires de littérature, tirés des registres de l´Academie Royale des Inscriptions et Belles-Lettres, depuis l'année MDCCLXXIII, jusques & compris l'année MDCCLXXV, & une partie de MDCCLXXVI
Resto del título : Tome Quarante-Unième.
260 ## - PUBLICACIÓN, DISTRIBUCIÓN, ETC.
Lugar de publicación, distribución, etc. A Paris :
Nombre del editor, distribuidor, etc. De l´Imprimerie Royale,
Fecha de publicación, distribución, etc. 1780.
300 ## - DESCRIPCIÓN FÍSICA
Extensión [8], 774 p., [5] h. de grab. ;
Dimensiones 25 cm.
597 ## - NOTA DE DESCRIPCIÓN FÍSICA
NOTA DE DESCRIPCIÓN FÍSICA Sign.: *4, A-Z4, 2A-2Z4, 3A-3Z4, 4A-4Z4, 5A-5D4, 5E3.
597 ## - NOTA DE DESCRIPCIÓN FÍSICA
NOTA DE DESCRIPCIÓN FÍSICA Port. con grab. xil.
597 ## - NOTA DE DESCRIPCIÓN FÍSICA
NOTA DE DESCRIPCIÓN FÍSICA Texto con apostillas marginales.
599 ## - NOTA A LAS ILUSTRACIONES
NOTA A LAS ILUSTRACIONES Viñeta xil. en r. de A1.
599 ## - NOTA A LAS ILUSTRACIONES
NOTA A LAS ILUSTRACIONES Las h. de grab. calc. representan: medailles de l'empereur Antonin Frappees en Egypte, Ancien-Nouveau domaine des planetes, Inscription de Milet, un gráfico y un mapa de Contrebia.
610 2# - PUNTO DE ACCESO ADICIONAL DE MATERIA--NOMBRE DE ENTIDAD CORPORATIVA
Nombre de entidad corporativa o nombre de jurisdicción como elemento de entrada Académie des inscriptions et belles-lettres (Francia)
9 (RLIN) 1230
852 ## - LOCALIZACIÓN
Ubicación ES-MaACL
Número de control de estantería R-1298-1343
Nota libre -- Enc. piel
Encuadernación Olim: G-13300-45
Holdings
Estatus retirado Estado de pérdida Estado de daño No para préstamo Colección Biblioteca de origen Biblioteca actual Ubicación en estantería Fecha de adquisición Total de préstamos Signatura topográfica completa Código de barras Visto por última vez Precio de reemplazo Tipo de ítem Koha
        Libros del s. XVIII Biblioteca del Ateneo de Madrid Biblioteca del Ateneo de Madrid Depósito 17/01/2008   R-1298-1343 1157928 23/02/2023 23/02/2023 Libro impreso antiguo